<?xml version="1.0" encoding="UTF-8"?>
<record
    xmlns:xsi="http://www.w3.org/2001/XMLSchema-instance"
    xsi:schemaLocation="http://www.loc.gov/MARC21/slim http://www.loc.gov/standards/marcxml/schema/MARC21slim.xsd"
    xmlns="http://www.loc.gov/MARC21/slim">

  <leader>00936nam a22002417a 4500</leader>
  <controlfield tag="005">20231128154014.0</controlfield>
  <controlfield tag="008">211004b           ||||| |||| 00| 0 eng d</controlfield>
  <datafield tag="040" ind1=" " ind2=" ">
    <subfield code="c">AL</subfield>
  </datafield>
  <datafield tag="041" ind1=" " ind2=" ">
    <subfield code="a">kan</subfield>
  </datafield>
  <datafield tag="082" ind1=" " ind2=" ">
    <subfield code="2">23</subfield>
    <subfield code="a">K894.8</subfield>
    <subfield code="b">SHAP</subfield>
  </datafield>
  <datafield tag="100" ind1=" " ind2=" ">
    <subfield code="a">Shanta Kumari L V; &#xCB6;&#xCBE;&#xC82;&#xCA4;&#xCBE; &#xC95;&#xCC1;&#xCAE;&#xCBE;&#xCB0;&#xCBF; </subfield>
    <subfield code="9">746</subfield>
  </datafield>
  <datafield tag="245" ind1=" " ind2=" ">
    <subfield code="a">Pratibhana: Bhairappanavara kratigalallina vaicharika ekasutrate</subfield>
    <subfield code="b">&#xCAA;&#xCCD;&#xCB0;&#xCA4;&#xCBF;&#xCAD;&#xCBE;&#xCA8;: &#xCAD;&#xCCD;&#xCAF;&#xCC6;&#xCB0;&#xCAA;&#xCCD;&#xCAA; &#xCA8;&#xCB5;&#xCB0; &#xC95;&#xCC3;&#xCA4;&#xCBF;&#xC97;&#xCB3;&#xCB2;&#xCCD;&#xCB2;&#xCBF;&#xCA8;  &#xCB5;&#xCCD;&#xCAF;&#xCC6;&#xC9A;&#xCBE;&#xCB0;&#xCBF;&#xC95; &#xC8F;&#xC95;&#xCB8;&#xCC2;&#xCA4;&#xCCD;&#xCB0;&#xCA4;&#xCC6; </subfield>
  </datafield>
  <datafield tag="300" ind1=" " ind2=" ">
    <subfield code="a">iv,496p.</subfield>
    <subfield code="b">PB</subfield>
    <subfield code="c">21x14cm.</subfield>
  </datafield>
  <datafield tag="365" ind1=" " ind2=" ">
    <subfield code="a">BLCR-000057</subfield>
    <subfield code="b">400.00</subfield>
    <subfield code="c">&#x20B9;</subfield>
    <subfield code="d">500.00</subfield>
    <subfield code="e">20%</subfield>
    <subfield code="f">23-09-2021</subfield>
  </datafield>
  <datafield tag="600" ind1=" " ind2=" ">
    <subfield code="a">S L Bhairappa</subfield>
    <subfield code="9">747</subfield>
  </datafield>
  <datafield tag="650" ind1=" " ind2=" ">
    <subfield code="a">Kannada Collections</subfield>
    <subfield code="9">748</subfield>
  </datafield>
  <datafield tag="650" ind1=" " ind2=" ">
    <subfield code="a">BHYRAPPA (S L)</subfield>
    <subfield code="9">143673</subfield>
  </datafield>
  <datafield tag="650" ind1=" " ind2=" ">
    <subfield code="a">&#xCAD;&#xCCD;&#xCAF;&#xCC6;&#xCB0;&#xCAA;&#xCCD;&#xCAA; </subfield>
    <subfield code="9">814</subfield>
  </datafield>
  <datafield tag="650" ind1=" " ind2=" ">
    <subfield code="a">Mandra; </subfield>
    <subfield code="9">749</subfield>
  </datafield>
  <datafield tag="650" ind1=" " ind2=" ">
    <subfield code="a">Parva; &#xCAA;&#xCB0;&#xCCD;&#xCB5; ; &#xCAF;&#xCBE;&#xCA8;</subfield>
    <subfield code="9">750</subfield>
  </datafield>
  <datafield tag="700" ind1=" " ind2=" ">
    <subfield code="a">SHANTAKUMARI (L V)</subfield>
    <subfield code="9">751</subfield>
  </datafield>
  <datafield tag="942" ind1=" " ind2=" ">
    <subfield code="2">ddc</subfield>
    <subfield code="c">BK</subfield>
  </datafield>
  <datafield tag="999" ind1=" " ind2=" ">
    <subfield code="c">216486</subfield>
    <subfield code="d">216486</subfield>
  </datafield>
  <datafield tag="952" ind1=" " ind2=" ">
    <subfield code="0">0</subfield>
    <subfield code="1">0</subfield>
    <subfield code="2">ddc</subfield>
    <subfield code="4">0</subfield>
    <subfield code="7">0</subfield>
    <subfield code="8">KAN</subfield>
    <subfield code="a">AL</subfield>
    <subfield code="b">AL</subfield>
    <subfield code="d">2021-09-29</subfield>
    <subfield code="e">Navakarnataka Publications, Balmatta, Mangaluru-575001</subfield>
    <subfield code="g">400.00</subfield>
    <subfield code="l">0</subfield>
    <subfield code="o">K894.8 SHAP</subfield>
    <subfield code="p">074967</subfield>
    <subfield code="r">2021-10-04 00:00:00</subfield>
    <subfield code="v">500.00</subfield>
    <subfield code="w">2021-10-04</subfield>
    <subfield code="y">BK</subfield>
  </datafield>
</record>
